| 000 | 01191cam a2200385Ia 4500 | ||
|---|---|---|---|
| 001 | 86641 | ||
| 005 | 20230410132624.0 | ||
| 008 | 820119s1980 enk 000 1 eng d | ||
| 035 | _a(OCoLC)ocm08074311 | ||
| 040 |
_aCTU _cCTU _dOCLCQ _dOCLCG _dMTG _dAU@ _dBNO _dUKM |
||
| 015 | _aGB80-10244 | ||
| 019 | _a16497250 | ||
| 020 | _a9780905712406 | ||
| 029 | 1 |
_aUKSTC _b0905712404 |
|
| 029 | 1 |
_aUKNYK _b0905712404 |
|
| 029 | 1 |
_aUKERY _b0905712404 |
|
| 035 |
_a(OCoLC)8074311 _z(OCoLC)16497250 |
||
| 050 | 1 | 4 |
_aPR6005.O4 _bC754l 1980 |
| 082 | 0 | 4 |
_a823.912 _219 |
| 049 | _aGRAL | ||
| 100 | 1 |
_aConrad, Joseph, _d1857-1924. |
|
| 245 | 1 | 0 |
_aLord Jim ; _bThe nigger of the 'Narcissus' ; Typhoon ; Nostromo ; The secret agent / _cJoseph Conrad. |
| 260 |
_aLondon : _bHeinemann/Octopus, _c1980. |
||
| 300 |
_a861 p. ; _c24 cm. |
||
| 505 | 0 | _aLord Jim -- The nigger of the Narcissus -- Typhoon -- Nostromo -- The secret agent. | |
| 650 | 0 | _aFiction in English. | |
| 653 | _aFiction in English, 1900- Texts | ||
| 740 | 0 | 1 | _aNigger of the 'Narcissus'. |
| 740 | 0 | 1 | _aTyphoon. |
| 740 | 0 | 1 | _aNostromo. |
| 740 | 0 | 1 | _aSecret agent. |
| 942 |
_2lcc _cbk |
||
| 994 |
_aC0 _bDRFGD |
||
| 946 | _ardc | ||
| 999 |
_c84828 _d84828 |
||